| 000 | 00698nam a22001337a 4500 | ||
|---|---|---|---|
| 040 | _cRUA | ||
| 082 | _aVEM MAO 2024 B1.330 Or.1 | ||
| 100 | _aMAO VANCHHAI, ម៉ៅ វ៉ានឆៃ | ||
| 245 | _aGastro-Intestinal parasite in Gibbon at phnom tamao zoological park, protected forest and proretum,បរាសិតក្នុងក្រពះពោះវៀនទោចនៅឧទ្យានសួនសត្វព្រៃការពារ និងសួនភូតគាម "ភ្នំតាម៉ៅ | ||
| 260 |
_aPHNOM PENH _bRUA _c2024 |
||
| 300 |
_aix, _bill, _c29cm, |
||
| 856 | _uhttps://drive.google.com/file/d/1MWgZ-rCcixu4SiMc3G20L-e8jgUAxVjo/view?usp=sharing | ||
| 942 | _cVEM | ||
| 999 |
_c24777 _d24777 |
||